000 00359nam a22001457a 4500
008 230406b ||||| |||| 00| 0 eng d
020 _a9780910761505
041 _aeng
080 _a616.53
082 _a616.53AAP
100 _a14
101 _aPEDIATRI
245 _aMEDICAL LIABILITY FOR PEDIATRICIANS
_cAMERICAN ACADEMY OF PEDIATRICS
942 _2udc
_cBK
999 _c59509
_d59509